000 00535 a2200181 4500
003 OSt
005 20240123143209.0
008 240123b |||||||| |||| 00| 0 eng d
020 _a9789389040210
040 _coclc
082 _a297.124
_bPER/H
100 _aPeruvayal, Abdurahman Ahsani
_910309
245 _aHadeesukalude Lokam- Padanam /
_cAbdurahman Ahsani Peruvayal
250 _a1st ed.
260 _aCalicut:
_bIPB Books,
_c2019.
300 _a94p.
942 _2ddc
_cBK
_h297.124
_iPER/H
_k297.124
_mPER/H
999 _c43305
_d43305